00626nam a2200205Ia 4500001001000000003000500010008004100015010001100056040000900067082001900076100001600095245008100111260004900192300001000241440005600251500003800307650001200345650004100357650002200398Para_6945CHAP220125s1899 xx 000 0 und d a205222 cCHAP aPA-C 631.04 B5 aPittier, H. aEl caucho :b las plantas que lo producen y su cultivo /c por H. Pittier aMéxico, D. F. :b Secretaría de Fomento a35 p. aBiblioteca Agrícola de la Secretaría de Fomento aEnc. con otros impresos similares aCaucho  aCultivos x colecciones de escritos  aPlantas huliferas